Giải toán trên máy tính điện tử

में बचाया:
ग्रंथसूची विवरण
मुख्य लेखक: Ts.Tạ Duy Phượng
स्वरूप: पुस्तक
भाषा:Vietnamese
प्रकाशित: Giáo dục 2005
टैग : टैग जोड़ें
कोई टैग नहीं, इस रिकॉर्ड को टैग करने वाले पहले व्यक्ति बनें!
Thư viện lưu trữ: Mạng thư viện Đại học Đà Nẵng
LEADER 00636nam a2200277 4500
001 000025870
003 1419
005 20150325120000.0
008 150325s vm 000 vie
020 |c 21000,0000 
040 |a D6 
100 |a Ts.Tạ Duy Phượng 
245 |a Giải toán trên máy tính điện tử 
260 |b Giáo dục  |c 2005 
300 |a 219tr. ; 
OWN |a LTT 
999 |a From the UDN01 
TYP |a Monograph 
TYP |a Printed language 
980 |a Mạng thư viện Đại học Đà Nẵng